| 000 | 01033nam a2200217Ia 4500 | ||
|---|---|---|---|
| 001 | 6178 | ||
| 003 | GE_BSU | ||
| 008 | 181216s||||||||xx |||||||||||||| ||und|| | ||
| 040 | _cGE_BSU | ||
| 080 | _a621.833+621.855 | ||
| 100 | _aგოთოშია,გ.ს. | ||
| 245 | _aგადაცემები მანქანათმშენებლობაში=Передачи в машиностроении.(კბილანა,ღვედური და ჯაჭვური გადაცემები). | ||
| 245 | _bძირითდი მასალები მანქანათა ნაწილების საკურსო პროექტისათვის. | ||
| 245 | _cრედ. ი.ბაქრაძე. | ||
| 260 | _aთბ. | ||
| 260 | _bცოდნა. | ||
| 260 | _c1960. | ||
| 300 | _a214გვ;20სმ;ილ;ბიბლიოგრ.:გვ.212. | ||
| 653 | _aგადაცემები მანქანათმშენებლობაში. | ||
| 942 | _cBK | ||
| 999 |
_c39579 _d39579 |
||